Medicine and Anatomy by Letter - M - Statistics

General Stats
  • This quiz has been taken 3,153 times
  • The average score is 16 of 20
Answer Stats
Hint Answer % Correct
Where most new blood cells are produced Bone {marrow}
96%
The powerhouse of the cell Mitochondria
93%
The large, flat teeth in the back of the mouth Molar
92%
Mosquito-borne disease caused by plasmodium parasites Malaria
91%
Medical imaging technique that uses very strong magnets MRI
91%
A tumour that can do the above is most likely this, the opposite of benign Malignant
90%
Contracting organs with three types of cells: skeletal, cardiac, and smooth Muscles
89%
Barrier consisting of two layers of phospholipids that surrounds every cell Cell {membrane}
88%
Monthly shedding of the uterine lining in women Menstruation
85%
The lower jaw, or jawbone Mandible
84%
Skin cancer that develops from pigment-producing cells of the skin Melanoma
84%
Protective secretion produced in the airways and digestive tract, among other places Mucus
82%
An incredibly contagious viral disease that causes a rash of red spots Measles
81%
Powerful opioid used as a strong painkiller Morphine
77%
Disorder that causes recurrent headached with nausea, vomiting and sensitivity to light Migraine
76%
Bones of the hand between the carpals and phalanges Metacarpals
72%
An infection of the membranes surrounding the brain, that can cause neck stiffness Meningitis
70%
The spread to a different location in the body, often seen in cancer Metastasis
63%
Infectious disease also called glandular fever or kissing disease Mononucleosis
61%
Genetic disorder of connective tissue that causes tall stature, long limbs, and flexibility Marfan syndrome
31%
No matching quizzes found
Score Distribution
Percent of People with Each Score
Percentile by Number Answered
Your Score History
You have not taken this quiz